000 00344nam a2200097Ia 4500
008 220204s9999 xx 000 0 und d
082 _aNR:063RG`1984'
_bRRS.1.2
245 0 _aProceedings of the International Rubber Conference: 75 years of rubber research in Sri Lanka, Sept 17-19,1984. V 1. Pt 2
260 _aAgalawatta
_bRRISL
_c1984
942 _cBK
999 _c43464
_d43464